Admore malkhut Bet Ṭshernobil = Grand Rabbis of the Chernobyl dynasty : yoter mi-shelosh meʼot temunot ... haskamot ... rashe peraḳim mi-toldotehem ṿe-ilane mishpaḥot ... /

Saved in:
Bibliographic Details
Main Author: Ṭṿersḳi, Yitsḥaḳ Meʼir, 1964 or 1965-
Other Authors: Ṭṿersḳi-Novoseler, Meshulam Zusya Yehoshuʻa Aharon, ha-Kohen.
Format: Book
Language:Hebrew
English
Published: Flushing, N.Y. : Lakewood, N.J. : Genealogy research Center of the Twersky Chernobyl Dynasty ; Makarov-Chernobyl Foundation, 5763 [2003].
Edition:1st ed.
Subjects:
Tags: Add Tag
No Tags, Be the first to tag this record!
LEADER 01524nam a2200349 a 4500
001 009201848-3
005 20041216131952.0
008 030925s2003 nyuabch 000 0cheb d
020 |z 0971819301 
035 0 |a ocm54614438 
035 |a MHAG03-B2447 
040 |a NNYU  |c NNYU  |d MH 
041 1 |a heb  |a eng 
100 1 |a Ṭṿersḳi, Yitsḥaḳ Meʼir,  |d 1964 or 1965- 
245 1 0 |a Admore malkhut Bet Ṭshernobil =  |b Grand Rabbis of the Chernobyl dynasty : yoter mi-shelosh meʼot temunot ... haskamot ... rashe peraḳim mi-toldotehem ṿe-ilane mishpaḥot ... /  |c Yitsḥaḳ Meʼir Ṭṿersḳi, Meshulam Zusya Yehoshuʻa ha-Kohen Ṭṿersḳi-Noṿoseler.. 
246 3 1 |a Grand rabbis of the Chernobyl dynasty 
246 1 |i Title on t.p. verso :  |a Admorai malchus Beis Chernobyl 
250 |a 1st ed. 
260 |a Flushing, N.Y. :  |b Genealogy research Center of the Twersky Chernobyl Dynasty ;  |a Lakewood, N.J. :  |b Makarov-Chernobyl Foundation,  |c 5763 [2003]. 
300 |a 293 p. :  |b ill., facsims., geneal. tables, maps, ports. ;  |c 33 cm. 
546 |a In Hebrew with English translations. 
650 0 |a Hasidim  |v Biography. 
600 3 0 |a Twersky family. 
650 0 |a Rabbis  |x Pictorial works. 
650 0 |a Hasidim  |x Pictorial works. 
650 0 |a Rabbis  |v Biography. 
650 0 |a Zaddikim  |x Pictorial works. 
650 0 |a Zaddikim  |v Biography. 
700 1 |a Ṭṿersḳi-Novoseler, Meshulam Zusya Yehoshuʻa Aharon,  |c ha-Kohen. 
752 |a United States  |b New York  |d New York. 
988 |a 20030925 
906 |0 OCLC